[Event "Championnat de France - Open D"]
[Site "Nimes"]
[Date "2009.08.19"]
[Round "8.10"]
[White "Fahys, Francis"]
[Black "Faure, Baptiste"]
[Result "1-0"]
[WhiteElo "1440"]
[BlackElo "1490"]
[PlyCount "79"]

1. d4 d5 2. Nf3 c6 3. Bf4 e6 4. Nbd2 f5 5. e3 Nf6 6. Ne5 Nbd7 7. Be2 Ne4 8.
Nxe4 fxe4 9. O-O Nf6 10. c4 g6 11. Qc2 Bg7 12. Bg5 O-O 13. f3 Qc7 14. Bf4 Bd7
15. Nxg6 Qd8 16. Nxf8 Qxf8 17. Be5 exf3 18. Rxf3 Qf7 19. Raf1 Rf8 20. Bd3 Qe7
21. Rh3 h6 22. Rff3 Be8 23. Rfg3 Kh8 24. c5 Rg8 25. Qe2 Qf7 26. Rf3 Qe7 27.
Bxf6 Bxf6 28. Rxh6+ Kg7 29. Rh7+ Kf8 30. Rxe7 Kxe7 31. Qf2 Rf8 32. Qg3 Kf7 33.
Bg6+ Kg8 34. Bxe8+ Bg7 35. Rxf8+ Kxf8 36. Qg6 Kg8 37. h4 Kh8 38. h5 Kg8 39. h6
Kh8 40. Qxg7# 1-0

[Event "Championnat de France - Open D"]
[Site "Nimes"]
[Date "2009.08.20"]
[Round "9.1"]
[White "Tranchesset, Alexandre"]
[Black "Bastide, Jean Luc"]
[Result "1-0"]
[WhiteElo "1420"]
[BlackElo "1499"]
[PlyCount "75"]
[EventDate "2009.??.??"]

1. e4 e5 2. Nf3 Nc6 3. d4 exd4 4. Nxd4 Qh4 5. Nc3 Bb4 6. Ndb5 Ba5 7. Bd2 a6 8.
Na3 Bb6 9. Qf3 Nf6 10. Be3 O-O 11. g3 Ne5 12. Qf5 Qh5 13. Qxh5 Nxh5 14. Bxb6
cxb6 15. O-O-O Nf6 16. Nc4 Nxc4 17. Bxc4 b5 18. Bb3 b6 19. f3 Bb7 20. e5 Bxf3
21. exf6 Bxh1 22. fxg7 Kxg7 23. Rxh1 Rfe8 24. Rf1 f6 25. Nd5 Re2 26. Nxf6 a5
27. a4 bxa4 28. Bxa4 d6 29. Nd7 Rxh2 30. Nxb6 Rb8 31. Nc4 d5 32. Nxa5 Rb4 33.
Bb3 Rg2 34. Bxd5 Rxg3 35. Nc6 Rb5 36. c4 Rbb3 37. Kc2 Rbe3 38. Nd4 1-0

[Event "Championnat de France - Open D"]
[Site "Nimes"]
[Date "2009.08.20"]
[Round "9.2"]
[White "Cossutta, Nello"]
[Black "De La Vieuville, Remi"]
[Result "1/2-1/2"]
[WhiteElo "1431"]
[BlackElo "1470"]
[PlyCount "99"]

1. e4 Nc6 2. d4 e5 3. d5 Nce7 4. Nf3 Ng6 5. a3 Bc5 6. Nc3 Nf6 7. Be2 O-O 8. b4
Bb6 9. O-O d6 10. Bg5 h6 11. Bd2 Bg4 12. Be3 Bxe3 13. fxe3 Qc8 14. Rf2 Nh7 15.
Qf1 f5 16. exf5 Bxf5 17. Bd3 Bxd3 18. Qxd3 Qf5 19. Raf1 Qxd3 20. cxd3 a6 21. g3
Rf7 22. Nd2 Rxf2 23. Rxf2 Ng5 24. Kg2 Rf8 25. Nde4 Rxf2+ 26. Kxf2 Nxe4+ 27.
Nxe4 Ne7 28. Nc3 Kf7 29. e4 g5 30. Nd1 h5 31. Kf3 g4+ 32. Kg2 Ng8 33. Ne3 Nf6
34. h3 Ke7 35. a4 b6 36. h4 a5 37. bxa5 bxa5 38. Nc4 Nd7 39. Nb2 Nb6 40. Kf2
Kd7 41. Ke3 c5 42. Kd2 Kc7 43. Kc3 Nd7 44. Nc4 Nb6 45. Kb3 Nxc4 46. Kxc4 Kb6
47. Kb3 Ka6 48. Kc4 Kb6 49. Kb3 Kb7 50. Kc4 1/2-1/2

[Event "Championnat de France - Open D"]
[Site "Nimes"]
[Date "2009.08.20"]
[Round "9.3"]
[White "Arnaud-Audiffren, Alexandre"]
[Black "Giry, Valentin"]
[Result "0-1"]
[WhiteElo "1500"]
[BlackElo "1370"]
[PlyCount "72"]

1. d4 d5 2. Bf4 e6 3. e3 c5 4. c3 Nf6 5. Nf3 Nc6 6. Bb5 Bd7 7. O-O Qb6 8. Bxc6
Bxc6 9. Qc2 h6 10. Nbd2 Be7 11. Rfd1 O-O 12. Rab1 Qa6 13. b3 Rac8 14. c4 dxc4
15. Nxc4 Be4 16. Qd2 Bxb1 17. Rxb1 Rfd8 18. a4 Rd5 19. Rd1 Rcd8 20. Qc2 cxd4
21. exd4 Qc6 22. Nfe5 Qc8 23. Qc3 Bc5 24. Nf3 a6 25. Ne3 R5d7 26. Rc1 Nd5 27.
Nxd5 Rxd5 28. h3 b6 29. Be3 Qc7 30. g3 Rf5 31. Nh4 Rfd5 32. dxc5 bxc5 33. Kh2
Rd3 34. Qc4 Qb7 35. Bxc5 Rd1 36. b4 Qh1# 0-1

[Event "Championnat de France - Open D"]
[Site "Nimes"]
[Date "2009.08.20"]
[Round "9.4"]
[White "Benezra, David"]
[Black "Legrand, Antoine"]
[Result "1-0"]
[WhiteElo "1440"]
[BlackElo "1500"]
[PlyCount "70"]

1. e4 c5 2. Nf3 a6 3. d4 cxd4 4. Nxd4 e6 5. Nc3 Qc7 6. Be3 Bb4 7. Qd2 Nf6 8. f3
d5 9. a3 Qa5 10. e5 Nfd7 11. f4 Nc5 12. Nb3 Nxb3 13. cxb3 Nc6 14. Rc1 Be7 15.
b4 Qd8 16. Bc5 O-O 17. Bd3 b6 18. Bxe7 Qxe7 19. Qc2 h6 20. Nxd5 Qb7 21. Qxc6
exd5 22. Qxb7 Bxb7 23. Rc7 Rab8 24. Kd2 d4 25. Rg1 Rfc8 26. Rd7 Rd8 27. Rxd8+
Rxd8 28. g3 b5 29. Rc1 Rd7 30. Bf5 Rd8 31. Rc7 Bd5 32. Rc8 Rxc8 33. Bxc8 Be4
34. Bxa6 Bc6 35. Kd3 Kf8 1-0

[Event "Championnat de France - Open D"]
[Site "Nimes"]
[Date "2009.08.20"]
[Round "9.5"]
[White "Elzoghlami, Mehdi"]
[Black "Laudat, Philippe"]
[Result "0-1"]
[WhiteElo "1493"]
[BlackElo "1405"]
[PlyCount "130"]

1. d4 d5 2. Bg5 g6 3. e3 Bg7 4. h4 Bh6 5. Bxh6 Nxh6 6. h5 Bg4 7. f3 Bxh5 8. g4
Bxg4 9. fxg4 Qd6 10. Nc3 Qg3+ 11. Kd2 c6 12. Qf3 Qxf3 13. Nxf3 Nxg4 14. Bh3 Nf2
15. Rh2 Nxh3 16. Rxh3 Nd7 17. Rah1 h5 18. Ng5 Nf8 19. Ne2 f6 20. Nf3 O-O-O 21.
Nf4 Re8 22. Rg1 Rh6 23. Nh4 Kd7 24. Nhxg6 Nxg6 25. Rxg6 Rxg6 26. Nxg6 Rg8 27.
Nf4 e5 28. Nxh5 Rg2+ 29. Kd3 e4+ 30. Kc3 f5 31. Rg3 Re2 32. Ng7 Rf2 33. Rg5 f4
34. exf4 e3 35. Re5 e2 36. Nh5 Kd6 37. Ng3 Rf3+ 38. Kd2 Rxg3 39. Kxe2 Rh3 40.
Re3 Rh4 41. Rf3 Ke6 42. f5+ Kf6 43. Kd3 Rh5 44. Kc3 Rxf5 45. Rxf5+ Kxf5 46. Kb4
b6 47. c4 a5+ 48. Kc3 Ke4 49. b3 b5 50. cxb5 cxb5 51. b4 a4 52. a3 Ke3 53. Kc2
Kxd4 54. Kd2 Kc4 55. Kc2 d4 56. Kd2 d3 57. Kd1 Kc3 58. Kc1 Kb3 59. Kd2 Kxa3 60.
Kxd3 Kxb4 61. Kc2 a3 62. Kb1 Kc3 63. Ka1 Kc2 64. Ka2 b4 65. Ka1 a2 0-1

[Event "Championnat de France - Open D"]
[Site "Nimes"]
[Date "2009.08.20"]
[Round "9.6"]
[White "Fahys, Francis"]
[Black "Doucet, Claude"]
[Result "1-0"]
[WhiteElo "1440"]
[BlackElo "1490"]
[PlyCount "145"]

1. d4 Nf6 2. Bf4 e6 3. Nd2 d5 4. Ngf3 c5 5. e3 Nc6 6. Bb5 a6 7. Bxc6+ bxc6 8.
Bg5 Bb7 9. O-O Be7 10. dxc5 Bxc5 11. Re1 O-O 12. Qe2 Be7 13. Rad1 Re8 14. c4 h6
15. Bh4 Nd7 16. Bxe7 Rxe7 17. Nd4 Qb6 18. b4 Ne5 19. a3 c5 20. bxc5 Qxc5 21.
cxd5 Qxd5 22. N4f3 a5 23. e4 Nxf3+ 24. Nxf3 Qc5 25. Qd3 Ba6 26. Qd6 Qxd6 27.
Rxd6 Bb7 28. Ne5 Rc8 29. f3 Rec7 30. Red1 Rc1 31. Rxc1 Rxc1+ 32. Kf2 Rc2+ 33.
Kg3 Rc7 34. Rd4 f6 35. Nc4 a4 36. Nb6 Bc6 37. Rc4 Kf7 38. Nxa4 Ra7 39. Rxc6
Rxa4 40. Rc3 Ke7 41. Rd3 e5 42. Kg4 g6 43. Kg3 Rd4 44. Rb3 Kd6 45. Rb6+ Ke7 46.
Ra6 Kf7 47. a4 Ke7 48. a5 Rd6 49. Rxd6 Kxd6 50. a6 Kc7 51. a7 Kb7 52. a8=Q+
Kxa8 53. f4 exf4+ 54. Kxf4 Kb7 55. e5 f5 56. e6 Kc7 57. Ke5 f4 58. Kf6 g5 59.
Kf7 g4 60. e7 f3 61. gxf3 gxf3 62. e8=Q f2 63. Qe2 h5 64. Qxf2 h4 65. Qxh4 Kd6
66. Qg5 Kc6 67. h4 Kd6 68. h5 Kd7 69. Qf6 Kc7 70. h6 Kd7 71. h7 Kc7 72. h8=Q
Kd7 73. Qhd8# 1-0

[Event "Championnat de France - Open D"]
[Site "Nimes"]
[Date "2009.08.20"]
[Round "9.7"]
[White "Saucey, Milena"]
[Black "Barberis, Matthieu"]
[Result "0-1"]
[WhiteElo "1440"]
[BlackElo "1480"]
[PlyCount "76"]

1. e4 Nf6 2. e5 Nd5 3. d4 d6 4. Nf3 Bg4 5. Be2 Nc6 6. O-O dxe5 7. Nxe5 Bxe2 8.
Qxe2 Nxd4 9. Qc4 Ne6 10. Rd1 c6 11. Nxc6 Qc7 12. Ne5 Qxc4 13. Nxc4 O-O-O 14.
Ne3 Nef4 15. Nxd5 Rxd5 16. Rxd5 Nxd5 17. Bd2 e6 18. Nc3 Bb4 19. Nxd5 Bxd2 20.
Rd1 Ba5 21. Ne3 Rd8 22. Kf1 Rxd1+ 23. Nxd1 Kd7 24. Ke2 e5 25. f3 f5 26. Nf2 Bb6
27. Nd3 Kd6 28. c4 Bd4 29. b3 g5 30. h3 e4 31. fxe4 fxe4 32. Nf2 Ke5 33. g3
Bxf2 34. Kxf2 Kd4 35. Ke2 e3 36. a3 a5 37. a4 h5 38. g4 h4 0-1

[Event "Championnat de France - Open D"]
[Site "Nimes"]
[Date "2009.08.20"]
[Round "9.8"]
[White "Sanchez, Frederic"]
[Black "Trey, Baptiste"]
[Result "1/2-1/2"]
[WhiteElo "1480"]
[BlackElo "1390"]
[PlyCount "85"]

1. d4 Nf6 2. Bf4 e6 3. e3 b6 4. h3 Bb7 5. Nd2 c5 6. c3 cxd4 7. exd4 Be7 8. Ngf3
O-O 9. Bd3 Nd5 10. Bh2 f5 11. O-O Nc6 12. Ne5 Nxe5 13. Bxe5 Qe8 14. Be2 Qg6 15.
Bf3 d6 16. Bh2 Rab8 17. Re1 Nc7 18. Bxb7 Rxb7 19. Qb3 Re8 20. Nc4 d5 21. Nd6
Bxd6 22. Bxd6 Rd8 23. Bf4 Ne8 24. Be5 Nd6 25. Bxd6 Rxd6 26. Re2 f4 27. Qc2 Qg5
28. Qd2 Rf7 29. Rae1 Qg6 30. f3 Rf6 31. Qc2 Qg3 32. Re5 Rg6 33. Kh1 Kf7 34.
R1e2 Qh4 35. Qc1 Rg5 36. Qe1 Qxe1+ 37. Rxe1 Rxe5 38. Rxe5 Kf6 39. Re2 Rc6 40.
Kg1 h5 41. h4 Rc7 42. Re5 g6 43. Kf2 1/2-1/2

[Event "Championnat de France - Open D"]
[Site "Nimes"]
[Date "2009.08.20"]
[Round "9.9"]
[White "Leost, Joel"]
[Black "Mouzayek, Sarah"]
[Result "1-0"]
[WhiteElo "1460"]
[BlackElo "1320"]
[PlyCount "67"]

1. e4 c6 2. f4 d5 3. e5 Bf5 4. g4 Be4 5. Nf3 e6 6. d3 Bxf3 7. Qxf3 Qh4+ 8. Qg3
Be7 9. g5 Qxg3+ 10. hxg3 Nd7 11. d4 c5 12. c3 Rc8 13. Be3 cxd4 14. cxd4 Bb4+
15. Nd2 Ne7 16. g4 f5 17. gxf6 gxf6 18. Bd3 Kf7 19. Kf2 f5 20. Nf3 h6 21. g5
Kg6 22. gxh6 Rxh6 23. Rag1+ Kh7 24. Ng5+ Kg7 25. Nxe6+ Kf7 26. Rg7+ Kxe6 27.
Rxh6+ Nf6 28. Rxf6+ Kd7 29. Bxf5+ Kd8 30. a3 Nxf5 31. Rg8+ Kd7 32. Rxc8 Kxc8
33. Rxf5 Kd7 34. axb4 1-0

[Event "Championnat de France - Open D"]
[Site "Nimes"]
[Date "2009.08.20"]
[Round "9.10"]
[White "Ferre, Gael"]
[Black "Rouffignac, Marie"]
[Result "0-1"]
[WhiteElo "1490"]
[BlackElo "1410"]
[PlyCount "46"]

1. d4 d5 2. c4 e6 3. cxd5 exd5 4. Bf4 Nf6 5. Nc3 c5 6. dxc5 Bxc5 7. Na4 Bb4+ 8.
Bd2 Qa5 9. Bxb4 Qxb4+ 10. Nc3 d4 11. Qa4+ Qxa4 12. Nxa4 Na6 13. b3 O-O 14. f3
Bf5 15. a3 Bc2 16. Nb2 Bxb3 17. Nh3 Rac8 18. Nd3 Nc5 19. Nhf2 Nxd3+ 20. exd3
Rfe8+ 21. Ne4 b6 22. Kf2 Rc2+ 23. Ke1 Nd5 0-1

[Event "Championnat de France - Open D"]
[Site "Nimes"]
[Date "2009.08.21"]
[Round "10.1"]
[White "De La Vieuville, Remi"]
[Black "Giry, Valentin"]
[Result "1-0"]
[WhiteElo "1470"]
[BlackElo "1370"]
[PlyCount "53"]

1. Nc3 c5 2. Nf3 d5 3. e4 d4 4. Ne2 Nc6 5. Ng3 e5 6. Bc4 Bd6 7. O-O Nf6 8. d3
a6 9. Bg5 h6 10. Bd2 O-O 11. Qc1 Kh7 12. Nh4 Ne7 13. f4 exf4 14. Bxf4 Bxf4 15.
Qxf4 Be6 16. Bb3 Bxb3 17. axb3 Nd7 18. Nhf5 Ng6 19. Qd2 Nh4 20. Rf2 Nxf5 21.
Nxf5 Nf6 22. Raf1 Qc7 23. Nxh6 Rh8 24. e5 Kg6 25. Rxf6+ gxf6 26. Rxf6+ Kh5 27.
Qe2+ 1-0

[Event "Championnat de France - Open D"]
[Site "Nimes"]
[Date "2009.08.21"]
[Round "10.2"]
[White "Bastide, Jean Luc"]
[Black "Benezra, David"]
[Result "1-0"]
[WhiteElo "1499"]
[BlackElo "1440"]
[PlyCount "59"]

1. e4 c5 2. f4 d5 3. exd5 Nf6 4. Nf3 e6 5. dxe6 Bxe6 6. Bb5+ Bd7 7. Qe2+ Be7 8.
O-O O-O 9. Bxd7 Qxd7 10. d3 Nc6 11. Nc3 Rfe8 12. Ne5 Nxe5 13. fxe5 Qd4+ 14. Kh1
Ng4 15. Nb5 Qd7 16. e6 fxe6 17. Qxg4 Qxb5 18. Bh6 Qxb2 19. Qxe6+ Kh8 20. Rab1
Qd4 21. Rxb7 Rf8 22. Rfb1 Rae8 23. Rxe7 Rxe7 24. Qxe7 Qf6 25. Bxg7+ Qxg7 26.
Qxg7+ Kxg7 27. Kg1 Kg6 28. Rb7 Rf7 29. Rxf7 Kxf7 30. Kf2 1-0

[Event "Championnat de France - Open D"]
[Site "Nimes"]
[Date "2009.08.21"]
[Round "10.3"]
[White "Tranchesset, Alexandre"]
[Black "Leost, Joel"]
[Result "1-0"]
[WhiteElo "1420"]
[BlackElo "1460"]
[PlyCount "151"]

1. e4 c6 2. d4 d5 3. e5 Bf5 4. Bd3 Bg6 5. Nf3 e6 6. Nc3 a6 7. a3 Nd7 8. O-O c5
9. Be3 c4 10. Be2 Qc7 11. Qd2 Ne7 12. b3 b5 13. a4 b4 14. Na2 c3 15. Qd1 Nc6
16. Nc1 Be7 17. Nd3 a5 18. Nf4 O-O-O 19. Bd3 Rdg8 20. Bb5 Na7 21. Ra2 Be4 22.
Bd3 Bg6 23. Qe2 Kd8 24. Bb5 Nf8 25. Bd3 h5 26. Nxg6 Nxg6 27. Bxg6 fxg6 28. Qd3
Kd7 29. Qxg6 Qd8 30. Bg5 Nc6 31. Bxe7 Qxe7 32. Rd1 Rh6 33. Qd3 Rf8 34. Qa6 Qd8
35. Qb7+ Qc7 36. Qxc7+ Kxc7 37. Raa1 Rg6 38. Ne1 Rf4 39. Rac1 Nxd4 40. g3 Re4
41. f3 Ne2+ 42. Kf1 Nxc1 43. fxe4 Nxb3 44. cxb3 Kc6 45. exd5+ exd5 46. Nc2 Rg4
47. Ne3 Re4 48. Nxd5 Rxe5 49. Nf4 Kb6 50. Re1 Rf5 51. Ke2 Kc6 52. Kd3 h4 53.
Ne6 Kd5 54. Nf4+ Kc6 55. Re6+ Kc5 56. Ra6 Rf7 57. Rxa5+ Kc6 58. Ra6+ Kc5 59.
Ra5+ Kc6 60. Kc4 Kd6 61. Kxb4 Rc7 62. Rd5+ Ke7 63. Rd1 Kf6 64. Nd5+ Ke5 65.
Nxc7 hxg3 66. hxg3 Ke4 67. Kxc3 Kf3 68. Rd3+ Kg4 69. a5 g5 70. a6 Kf5 71. a7 g4
72. a8=Q Ke5 73. Qd5+ Kf6 74. Qe6+ Kg7 75. Rd7+ Kh8 76. Ne8 1-0

[Event "Championnat de France - Open D"]
[Site "Nimes"]
[Date "2009.08.21"]
[Round "10.4"]
[White "Barberis, Matthieu"]
[Black "Fahys, Francis"]
[Result "1-0"]
[WhiteElo "1480"]
[BlackElo "1440"]
[PlyCount "59"]

1. e4 e5 2. Nf3 Nc6 3. Nc3 Nf6 4. Nxe5 Nxe5 5. d4 Bb4 6. dxe5 Bxc3+ 7. bxc3
Nxe4 8. Qd4 Ng5 9. Qg4 Ne6 10. Ba3 d6 11. O-O-O h5 12. Qe4 Qg5+ 13. Kb1 O-O 14.
exd6 cxd6 15. Bxd6 Re8 16. Bd3 g6 17. h4 Qd8 18. Be5 Nc5 19. Qf4 Qb6+ 20. Kc1
Qa5 21. Bc4 Qa3+ 22. Kb1 Bf5 23. Bb5 Be6 24. c4 Qb4+ 25. Ka1 Bf5 26. Bxe8 Rxe8
27. Qh6 f6 28. Bxf6 Nb3+ 29. cxb3 Kf7 30. Qg7+ 1-0

[Event "Championnat de France - Open D"]
[Site "Nimes"]
[Date "2009.08.21"]
[Round "10.5"]
[White "Laudat, Philippe"]
[Black "Cossutta, Nello"]
[Result "0-1"]
[WhiteElo "1405"]
[BlackElo "1431"]
[PlyCount "68"]

1. d4 d5 2. Bf4 c5 3. e3 Nc6 4. Bb5 Nf6 5. Nf3 Qa5+ 6. Nc3 Bg4 7. Bxc6+ bxc6 8.
O-O Ne4 9. h3 Nxc3 10. bxc3 Bxf3 11. Qxf3 Qxc3 12. Qe2 cxd4 13. exd4 Qxd4 14.
Qa6 Qb6 15. Qd3 e6 16. Rab1 Qa5 17. Rb8+ Rxb8 18. Bxb8 Bc5 19. Qg3 O-O 20. Rb1
Bb6 21. a3 Qa6 22. Kh1 Kh8 23. Qf4 Bc5 24. Bd6 Bxd6 25. Qxd6 Qc8 26. Rb7 Kg8
27. Rc7 Qb8 28. Qxc6 Qb1+ 29. Kh2 h6 30. Rxa7 Qb8+ 31. Rc7 Rc8 32. Qa6 Qxc7+
33. g3 Qxc2 34. Qa7 Qc5 0-1

[Event "Championnat de France - Open D"]
[Site "Nimes"]
[Date "2009.08.21"]
[Round "10.6"]
[White "Rouffignac, Marie"]
[Black "Arnaud-Audiffren, Alexandre"]
[Result "0-1"]
[WhiteElo "1410"]
[BlackElo "1500"]
[PlyCount "96"]

1. e4 c5 2. Nf3 d6 3. d4 cxd4 4. Nxd4 Nf6 5. Nc3 g6 6. Be3 Bg7 7. f3 O-O 8. Qd2
Re8 9. O-O-O Nc6 10. Bc4 Ne5 11. Bb3 Bd7 12. g4 Bc6 13. Nxc6 bxc6 14. Rdg1 Nxf3
15. Qf2 Nxg1 16. Rxg1 Rf8 17. h4 d5 18. exd5 Nxd5 19. Nxd5 cxd5 20. h5 e6 21.
Bd4 Bxd4 22. Qxd4 Qg5+ 23. Kb1 f5 24. hxg6 hxg6 25. c4 fxg4 26. cxd5 Qf5+ 27.
Kc1 Rac8+ 28. Kd1 Qf3+ 29. Kd2 Qf2+ 30. Qxf2 Rxf2+ 31. Ke3 Rf3+ 32. Ke2 Rxb3
33. axb3 exd5 34. Rxg4 Kg7 35. Kd3 Kf6 36. Ra4 Rc7 37. Kd4 Rd7 38. Ra5 g5 39.
b4 g4 40. Ra3 Kf5 41. Ke3 d4+ 42. Kf2 d3 43. Ra1 Kf4 44. Rd1 g3+ 45. Kg2 d2 46.
Kg1 Kf3 47. Kf1 g2+ 48. Kg1 Ke2 0-1

[Event "Championnat de France - Open D"]
[Site "Nimes"]
[Date "2009.08.21"]
[Round "10.7"]
[White "Baumhauer, Gaspard"]
[Black "Sanchez, Frederic"]
[Result "1-0"]
[WhiteElo "1360"]
[BlackElo "1480"]
[PlyCount "39"]

1. e4 d5 2. exd5 Qxd5 3. Nc3 Qa5 4. d4 c6 5. Nf3 Nf6 6. Bc4 Bg4 7. Qe2 e6 8. h3
Bh5 9. O-O Nbd7 10. Re1 Qc7 11. g4 Bg6 12. g5 Ng8 13. d5 cxd5 14. Nxd5 Qc6 15.
Bf4 Bd6 16. Ne5 Nxe5 17. Bxe5 Bxe5 18. Bb5 Qxb5 19. Qxb5+ Kd8 20. Rxe5 1-0

[Event "Championnat de France - Open D"]
[Site "Nimes"]
[Date "2009.08.21"]
[Round "10.8"]
[White "Valentin, Olivier"]
[Black "Trey, Baptiste"]
[Result "0-1"]
[WhiteElo "1450"]
[BlackElo "1390"]
[PlyCount "90"]

1. e4 e6 2. d4 d5 3. exd5 exd5 4. Bd3 Nf6 5. Nc3 Bd6 6. Nf3 O-O 7. Bg5 c6 8.
O-O Bg4 9. Re1 Nbd7 10. Re3 Qc7 11. Kh1 Rfe8 12. Qe2 h6 13. Bxf6 Nxf6 14. g3
Qb6 15. Na4 Bxf3+ 16. Qxf3 Qxd4 17. Nc3 Bb4 18. Rd1 Qg4 19. Qxg4 Nxg4 20. Rxe8+
Rxe8 21. Rd2 Bxc3 22. bxc3 Re1+ 23. Kg2 Ra1 24. Re2 Kf8 25. Bf5 Nf6 26. Bc8 b6
27. Bb7 c5 28. Re5 Rxa2 29. Bc6 Rxc2 30. g4 Rxc3 31. g5 hxg5 32. Rxg5 d4 33. h4
d3 34. Kf1 Rc1+ 35. Kg2 d2 36. Bf3 d1=Q 37. Bxd1 Rxd1 38. h5 c4 39. Rg3 Rd3 40.
Rg4 Nxg4 41. h6 gxh6 42. f3 c3 43. Kg3 c2 44. Kxg4 c1=Q 45. Kh5 Qg5# 0-1

[Event "Championnat de France - Open D"]
[Site "Nimes"]
[Date "2009.08.21"]
[Round "10.9"]
[White "Puchol, Victor-Manuel"]
[Black "Benezra, Amos"]
[Result "1-0"]
[WhiteElo "1310"]
[BlackElo "1410"]
[PlyCount "73"]

1. e4 c5 2. Nf3 d6 3. d4 cxd4 4. Nxd4 Nf6 5. Nc3 g6 6. Bc4 Bg7 7. h3 O-O 8. Be3
Nc6 9. Qd2 Bd7 10. O-O-O Rc8 11. a3 Ne5 12. Be2 Nc4 13. Bxc4 Rxc4 14. Bh6 Qb6
15. Bxg7 Kxg7 16. Rhe1 Rfc8 17. Re3 a5 18. f4 Qc5 19. Rg3 h6 20. f5 Qc7 21.
fxg6 fxg6 22. Nf5+ Bxf5 23. exf5 g5 24. Qe2 b5 25. Rd2 b4 26. axb4 axb4 27. Nb5
Qd7 28. Nd4 Kf7 29. Re3 Re8 30. Qxc4+ Kf8 31. Re1 Qa7 32. Ne6+ Kg8 33. Nxg5+
Kh8 34. Nf7+ Kg7 35. Nd8 Qd7 36. Qf7+ Kh8 37. Rxe7 1-0

[Event "Championnat de France - Open D"]
[Site "Nimes"]
[Date "2009.08.21"]
[Round "10.10"]
[White "Legrand, Antoine"]
[Black "Sauvage, Thierry"]
[Result "1-0"]
[WhiteElo "1500"]
[BlackElo "1444"]
[PlyCount "49"]

1. e4 c6 2. d4 d5 3. exd5 cxd5 4. Nc3 e6 5. Nf3 Nf6 6. Bb5+ Nc6 7. Ne5 Qc7 8.
Bf4 Bd6 9. Bg3 a6 10. Nxc6 bxc6 11. Bxd6 Qxd6 12. Ba4 O-O 13. O-O c5 14. dxc5
Qxc5 15. Qd2 Rb8 16. Bb3 Bd7 17. Rad1 Bc6 18. Qd4 Qd6 19. Ne4 Nxe4 20. Qxe4 Rb4
21. Qd3 Bb5 22. c4 Bxc4 23. Bxc4 Rxc4 24. Qxc4 Rd8 25. Qa4 1-0

[Event "Championnat de France - Open D"]
[Site "Nimes"]
[Date "2009.08.22"]
[Round "11.1"]
[White "Arnaud-Audiffren, Alexandre"]
[Black "De La Vieuville, Remi"]
[Result "0-1"]
[WhiteElo "1500"]
[BlackElo "1470"]
[PlyCount "78"]

1. d4 Nc6 2. Bf4 Nf6 3. e3 d6 4. Nf3 g6 5. c4 Bg7 6. Nc3 Nh5 7. Bg3 O-O 8. Be2
e5 9. d5 Ne7 10. e4 f5 11. Bd3 fxe4 12. Bxe4 Nf5 13. Bxf5 Bxf5 14. Bh4 Qd7 15.
O-O Rf7 16. Ng5 Rff8 17. Qb3 h6 18. Nge4 Bxe4 19. Nxe4 Qg4 20. f3 Qxh4 21. Qxb7
Qe7 22. Qc6 Nf6 23. Nc3 Qd7 24. Qa6 Rfb8 25. Nb5 Nxd5 26. a4 Ne7 27. Qa5 Rb7
28. Rfd1 Nc6 29. Qd2 Rab8 30. Qd5+ Kh7 31. c5 a6 32. Nc3 Rxb2 33. cxd6 cxd6 34.
Qxd6 Qxd6 35. Rxd6 Rc8 36. Nd5 Nd4 37. Rxa6 Rcc2 38. Ne3 Re2 39. Nd1 Re1# 0-1

[Event "Championnat de France - Open D"]
[Site "Nimes"]
[Date "2009.08.22"]
[Round "11.2"]
[White "Barberis, Matthieu"]
[Black "Bastide, Jean Luc"]
[Result "0-1"]
[WhiteElo "1480"]
[BlackElo "1499"]
[PlyCount "44"]

1. e4 e5 2. Nf3 Nc6 3. Bc4 Bc5 4. c3 Nf6 5. d3 d6 6. Bb3 Bg4 7. Nbd2 Qd7 8. h3
Bh5 9. O-O g5 10. Nc4 Rg8 11. g4 Bxg4 12. hxg4 Qxg4+ 13. Kh1 Qh3+ 14. Nh2 g4
15. Qe2 g3 16. fxg3 Rxg3 17. Bd2 O-O-O 18. Rf3 Rdg8 19. Rxg3 Rxg3 20. Rf1 Ng4
21. Be1 Nxh2 22. Bxg3 Nxf1+ 0-1

[Event "Championnat de France - Open D"]
[Site "Nimes"]
[Date "2009.08.22"]
[Round "11.3"]
[White "Cossutta, Nello"]
[Black "Tranchesset, Alexandre"]
[Result "1-0"]
[WhiteElo "1431"]
[BlackElo "1420"]
[PlyCount "93"]

1. c4 e5 2. Nc3 Nc6 3. d3 Nf6 4. Nf3 Bb4 5. Bd2 d5 6. cxd5 Nxd5 7. g3 Bg4 8.
Bg2 Bxc3 9. bxc3 O-O 10. Qa4 Bd7 11. Qb3 Nb6 12. O-O Be6 13. Qc2 Re8 14. Ng5
Qd6 15. Ne4 Qf8 16. Be3 Red8 17. Ng5 Bd5 18. d4 g6 19. Ne4 Qg7 20. Bg5 Re8 21.
Nf6+ Kf8 22. Nxe8 Rxe8 23. Bxd5 Nxd5 24. Qc1 Kg8 25. e4 Nf6 26. d5 Ne7 27. Bxf6
Qxf6 28. Qe3 b6 29. f4 c6 30. c4 cxd5 31. cxd5 exf4 32. Qxf4 Qd4+ 33. Qf2 f6
34. Qxd4 f5 35. Rae1 b5 36. d6 Nc6 37. Qd5+ Kf8 38. Qxc6 Kf7 39. exf5 Rg8 40.
fxg6+ Kxg6 41. d7+ Kh5 42. Rf5+ Rg5 43. Qf6 Rxf5 44. Qxf5+ Kh6 45. Re6+ Kg7 46.
Qf6+ Kg8 47. Re8# 1-0

[Event "Championnat de France - Open D"]
[Site "Nimes"]
[Date "2009.08.22"]
[Round "11.4"]
[White "Trey, Baptiste"]
[Black "Baumhauer, Gaspard"]
[Result "0-1"]
[WhiteElo "1390"]
[BlackElo "1360"]
[PlyCount "86"]

1. e4 d5 2. exd5 Nf6 3. d4 Nxd5 4. Nf3 Nb6 5. Bd3 Nc6 6. c3 Bg4 7. O-O e5 8.
Re1 Bd6 9. Bf4 Qf6 10. Bxe5 Bxe5 11. Nbd2 O-O-O 12. dxe5 Nxe5 13. Rxe5 Rxd3 14.
Re3 Rhd8 15. Rxd3 Rxd3 16. Qe2 Qd8 17. h3 Bh5 18. g4 Bg6 19. Nb3 Qd5 20. Qe8+
Qd8 21. Qxd8+ Kxd8 22. Nbd2 Nc4 23. Nxc4 Rxf3 24. Kg2 Rd3 25. Ne3 Kd7 26. Rd1
Rxd1 27. Nxd1 Kd6 28. Kf3 h5 29. Ne3 Ke5 30. Nc4+ Kd5 31. Ne3+ Ke5 32. Nc4+ Kf6
33. Kf4 Bd3 34. Ne5 g5+ 35. Ke3 Kxe5 36. Kxd3 hxg4 37. hxg4 Kf4 38. Ke2 Kxg4
39. Ke3 Kf5 40. b4 Ke5 41. c4 f5 42. a4 f4+ 43. Kd3 g4 0-1

[Event "Championnat de France - Open D"]
[Site "Nimes"]
[Date "2009.08.22"]
[Round "11.5"]
[White "Giry, Valentin"]
[Black "Puchol, Victor-Manuel"]
[Result "1-0"]
[WhiteElo "1370"]
[BlackElo "1310"]
[PlyCount "79"]

1. e4 e5 2. Nf3 Nc6 3. Bb5 d6 4. d4 a6 5. Bxc6+ bxc6 6. dxe5 Bg4 7. exd6 Bxf3
8. Qxf3 cxd6 9. O-O g6 10. Qc3 Nf6 11. Qxc6+ Ke7 12. Nc3 Bg7 13. Bg5 h6 14.
Nd5+ Kf8 15. Bxf6 Bxf6 16. Nxf6 Rc8 17. Qxa6 Rxc2 18. Nd5 Rxb2 19. Rfc1 Kg7 20.
Qc6 Qe8 21. Qc3+ Qe5 22. Qxe5+ dxe5 23. a4 Ra8 24. a5 h5 25. a6 f5 26. a7 Rd2
27. Nc7 Rdd8 28. Nxa8 Rxa8 29. Rcb1 f4 30. Rb8 Kh6 31. Rxa8 f3 32. Rh8+ Kg5 33.
a8=Q fxg2 34. Qd8+ Kg4 35. Ra3 g5 36. h3+ Kh4 37. Rxh5+ Kxh5 38. Qh8+ Kg6 39.
Ra6+ Kf7 40. Qh7+ 1-0

[Event "Championnat de France - Open D"]
[Site "Nimes"]
[Date "2009.08.22"]
[Round "11.6"]
[White "Luond, Patrice"]
[Black "Legrand, Antoine"]
[Result "0-1"]
[WhiteElo "1480"]
[BlackElo "1500"]
[PlyCount "30"]

1. e4 c5 2. Bc4 e6 3. Nf3 a6 4. c3 d5 5. exd5 exd5 6. Qe2+ Be6 7. Bb3 Nf6 8. d4
c4 9. Bc2 Be7 10. Bg5 O-O 11. Ne5 Nbd7 12. h3 Nxe5 13. Qxe5 Nd7 14. Bxe7 Qxe7
15. Qh5 Bg4+ 0-1

[Event "Championnat de France - Open D"]
[Site "Nimes"]
[Date "2009.08.22"]
[Round "11.7"]
[White "Elzoghlami, Mehdi"]
[Black "Benezra, David"]
[Result "1-0"]
[WhiteElo "1493"]
[BlackElo "1440"]
[PlyCount "87"]

1. d4 g6 2. Bg5 Bg7 3. e3 c5 4. c3 cxd4 5. exd4 Nf6 6. Qd2 Ne4 7. Qe3 Nxg5 8.
Qxg5 O-O 9. Nf3 Nc6 10. Bd3 Qb6 11. Qd2 d6 12. h3 Re8 13. O-O e5 14. Re1 Bd7
15. d5 Ne7 16. Bf1 Bb5 17. c4 Bd7 18. Nc3 f5 19. Rec1 e4 20. Ne1 Nc8 21. Ne2
Qxb2 22. Nc2 Nb6 23. Ned4 Bxd4 24. Qxd4 Qxd4 25. Nxd4 a6 26. Rab1 Na4 27. Rxb7
Red8 28. Rcb1 Nc5 29. R7b6 Be8 30. Nc6 Rd7 31. g4 f4 32. h4 h6 33. g5 hxg5 34.
hxg5 Rh7 35. Nd4 Rd8 36. Rb8 Rhd7 37. Bh3 Rxb8 38. Rxb8 Re7 39. Nc6 Rh7 40.
Rxe8+ Kf7 41. Re7+ Kg8 42. Be6+ Kh8 43. Re8+ Kg7 44. Rg8# 1-0